000 00535nam a2200205Ia 4500
005 20250923150205.0
008 008 250917s9999 xx 000 0 eng d
037 _aTextual
040 _aDSWL
_beng
_cDSWL
041 _aeng
_2eng
084 _qDSWL
100 _aVizard, Polly
_9843213
245 0 _aPoverty and human rights
_cby Polly Vizard
260 _aNew Delhi
_b Oxford University Press
_c2006
300 _a275p.
365 _aINR
_b595 . 0
925 _g595 . 0
942 _cTEXL
999 _c1460615
_d1460615